| Tag |
First Indicator |
Second Indicator |
Subfields |
| LEADER |
00000cam a2200000 a 4500 |
| 001 |
in00000016635 |
| 005 |
20151007052824.0 |
| 008 |
870303s1988 enka b 00110 eng |
| 010 |
|
|
|a 87006591
|
| 020 |
|
|
|a 0521341175
|
| 035 |
|
|
|a (OCoLC)15629404
|
| 035 |
|
|
|9 AAA9328AM
|
| 040 |
|
|
|a DLC
|c DLC
|d TXA
|d UtOrBLW
|
| 043 |
|
|
|a e-fr---
|
| 049 |
|
|
|a TXAM
|c [A11488917]
|
| 050 |
0 |
0 |
|a PQ433
|b .S37 1988
|
| 082 |
0 |
|
|a 841/.8/09357
|2 19
|
| 100 |
1 |
|
|a Scott, David H. T.
|
| 245 |
1 |
0 |
|a Pictorialist poetics :
|b poetry and the visual arts in nineteenth-century France /
|c David Scott.
|
| 264 |
|
1 |
|a Cambridge [Cambridgeshire] ;
|a New York :
|b Cambridge University Press,
|c 1988.
|
| 300 |
|
|
|a xi, 210 pages :
|b illustrations ;
|c 26 cm.
|
| 336 |
|
|
|a text
|b txt
|2 rdacontent
|
| 337 |
|
|
|a unmediated
|b n
|2 rdamedia
|
| 338 |
|
|
|a volume
|b nc
|2 rdacarrier
|
| 490 |
1 |
|
|a Cambridge studies in French ;
|v 21
|
| 504 |
|
|
|a Bibliography: pages 193-202.
|
| 500 |
|
|
|a Includes index.
|
| 650 |
|
0 |
|a French poetry
|y 19th century
|x History and criticism.
|
| 650 |
|
0 |
|a Art and literature
|z France
|x History
|y 19th century.
|
| 650 |
|
0 |
|a Ut pictura poesis (Aesthetics)
|
| 650 |
|
0 |
|a Aesthetics, French
|y 19th century.
|
| 650 |
|
0 |
|a Picturesque, The, in literature.
|
| 830 |
|
0 |
|a Cambridge studies in French ;
|v 21.
|
| 999 |
|
|
|a MARS
|
| 999 |
f |
f |
|s 4c789315-a9d2-3579-8df6-3064f76b7ba9
|i d2e8a8b6-17b5-34ef-9d88-b0e28f31e886
|t 0
|
| 952 |
f |
f |
|p normal
|a Texas A&M University
|b College Station
|c Sterling C. Evans Library
|d Evans: Library Stacks
|t 0
|e PQ433 .S37 1988
|h Library of Congress classification
|i unmediated -- volume
|m A14811488917
|
| 998 |
f |
f |
|a PQ433 .S37 1988
|t 0
|l Evans: Library Stacks
|